| 000 | 00816nac a22002291u 4500 | ||
|---|---|---|---|
| 008 | 100908t2007 ohu|||||r|||| 001 0 eng d | ||
| 010 | _a 2006017887 | ||
| 020 | _a0131988271 | ||
| 020 | _a9780131988279 | ||
| 035 | _a(OCoLC)ocm69734533 | ||
| 035 | _a(OCoLC)69734533 | ||
| 082 | 0 | 0 |
_a624.1834 _bSET _222 |
| 100 |
_aSetareh, Mehdi. _918735 |
||
| 245 | 1 | 0 |
_aConcrete Structures / _cMehdi Setareh, Robert Darvas. |
| 260 |
_aUpper Saddle River, N.J. : _bPearson/Prentice Hall, _cc2007. |
||
| 300 |
_axii, 564 p. : _bill. ; _c25 cm. + _e1 CD-ROM (4 3/4 in.) |
||
| 500 | _aIncludes index. | ||
| 650 | 0 |
_aConcrete construction. _918736 |
|
| 700 | 1 |
_aDarvas, Robert. _918737 |
|
| 856 | 4 | 1 |
_3Table of contents _uhttp://www.loc.gov/catdir/toc/ecip0614/2006017887.html |
| 942 |
_a000002439 _cBB _k624.1834 SET _2ddc |
||
| 999 |
_c1877 _d1877 |
||